| 000 | 005190000a22001690004500 | ||
|---|---|---|---|
| 090 |
_aAR _b03555 |
||
| 245 | 1 | 0 | _aMechanism for movement of eggs along insect ovipositors |
| 650 | 1 | 4 |
_aEntomología _94483 |
| 650 | 1 | 4 |
_aFisiología _915628 |
| 650 | 1 | 4 |
_aComportamiento sexual _910355 |
| 650 | 1 | 4 |
_aAnatomía _995070 |
| 041 | 0 | _aInglés | |
| 700 | 1 |
_aBrowning, T. O. _997182 |
|
| 100 | 1 |
_aAustin, A. D. _997183 |
|
| 942 | _cARTICULO | ||
| 773 | 1 |
_tInternational Journal of Insect Morphology & Embriology _h2 _q93-108 _d1981 _g10 |
|
| 999 |
_c12605 _d12605 |
||